000 01139nam a22003617a 4500
001 0010121
003 KOHA_MİRAKIL
005 20260207001733.0
007 ta
008 091103b1978 tu |||gr||||#||||0|tur |
020 _c0,01
040 _aTR-BiSEU
_btur
_cTR-BiSEU
_erda
041 0 _atur
044 _ctu
050 _aHF5686
_b.B87 1978
100 1 _aBursal, Nasuhi.
245 1 _aMaliyet muhasebesi :
_bprensipler ve uygulama/
_cNasuhi Bursal ; Nasuhi Bursal.
264 1 _aİstanbul :
_bİstanbul Üniversitesi
_c1978
300 _a431 sayfa; 24 cm.
336 _ametin
_btxt
_2rdacontent
337 _aaracısız
_bn
_2rdamedia
338 _acilt
_bnc
_2rdacarrier
490 1 _aİstanbul Üniversitesi yayınları ;
_v2432.
490 1 _aİşletme Fakültesi ;
_v75.
490 1 _aMuhasebe Enstitüsü no ;
_v26.
500 _aKaynakça var.
650 0 _aCost accounting.
_93966
650 0 _aMaliyet muhasebesi.
_93965
830 1 _aİstanbul Üniversitesi yayınları ;
_v2432.
_91829
830 1 _aİşletme Fakültesi ;
_v75.
_920271
830 1 _aMuhasebe Enstitüsü no ;
_v26.
_924945
942 _2lcc
_cBK
999 _c10093
_d10093